Normal view
MARC view
Entry Personal Name
001 - CONTROL NUMBER
- control field: 72970
003 - CONTROL NUMBER IDENTIFIER
- control field: OSt
005 - DATE AND TIME OF LATEST TRANSACTION
- control field: 20181004124937.0
008 - FIXED-LENGTH DATA ELEMENTS
- fixed length control field: 181004|| aca||aabn | a|a d
040 ## - CATALOGING SOURCE
- Original cataloging agency: OSt
- Transcribing agency: OSt
100 ## - HEADING--PERSONAL NAME
- Personal name: ब्रिगेडियर वीरेन्द्र सिंह
670 ## - SOURCE DATA FOUND
- Source citation: Work cat.: (OSt): ब्रिगेडियर वीरेन्द्र सिंह , विश्वयुद्ध में भारतीय सेना का योगदान , 2016









